00624nam a2200205Ia 4500003000400000005001700004008004100021020001900062040000700081041000800088082001300096100003500109245003700144260004800181300000900229650002000238942001300258999001900271952012800290OSt20250823084612.0250729s2005 xx 000 0 und d a978-8171419166 cAL aeng a640 SESM aSeshaiah Rama Ponnanna9221927 aMethods of teaching home science aNew DelhibDiscovery Publishing Housec2005 a317p aScience9221928 2ddccBED c235231d235231 00104070aALbALd2025-07-29eSita Book Houseg180.00l0o640 SESMpBED00550r2025-07-29 16:53:50v180.00w2025-07-29yBK